Statistics for Multiple Choice General Knowledge #3

Click here to take the quiz!

General Stats

  • This quiz has been taken 12,830 times
  • The average score is 9 of 16

Answer Stats

Question Answer % Correct
In the Bible, what were the Ten Commandments first written on?Two tablets of stone
90%
Is the U.S. Congress unicameral or bicameral?Bicameral
80%
Who is Paul Simon?A singer-songwriter
80%
Is it really true that some Amazonian rainforest tribes would collect the shrunken heads of their enemies?Yes, it's true
75%
Which of these noble ranks is highest?Duke
73%
The U.S. state of New Jersey is named after Jersey. But what is Jersey?A British island off the coast of France
73%
How long does it take light to travel from the Sun to the Earth?About 8 minutes
72%
Does Mars have any moons?Yes
65%
What letter is a protractor shaped like?D
64%
Which of these is NOT caused by a virus?Cholera
63%
Has Toronto ever hosted the Olympics?No
50%
What do Alvin the Chipmunk and Hester Prynne have in common?They both have the letter "A" on their clothes
44%
When did Mahatma Gandhi die?1948
38%
A triangle has one side with a length of 3 and another side with a length of 4. What is the length of the third side?Impossible to say
37%
What was the first planet discovered with the use of a telescope?Uranus
27%
Which of the following is a synonym of "benighted"?Ignorant
19%

Score Distribution

Percentile by Number Answered

Percent of People with Each Score

Your Score History

You have not taken this quiz